Statistiche per Riconosci la Squadra di calcio - Quiz n°41

Clicka qui per fare il quiz!

Statistiche generali

  • Questo quiz è stato fatto 3 volte
  • Il punteggio medio è 3 su 9

Statistiche sulle risposte

IndizioRisposta% Corretto
Titoli nazionali56 Campionati nordirlandesi
100%
Colori socialiBlu
100%
Capienza Stadio24 734 posti
33%
Trofei nazionali44 Coppe nordirlandesi
11 Coppe di Lega nordirlandesi
4 IFA Charity Shield
24 City Cup
33 Gold Cup
43 County Antrim Shield
15 Ulster Cup
33%
ConfederazioneUEFA
33%
Fondazione1886
0%
Trofei internazionali1 Setanta Sports Cup
1 Blaxnit Cup
0%
SquadraLinfield
0%
Divisione nazionale 2023-2024Prima
0%

Distribuzione punteggi

Percentile per numero di risposta

Percentuale di utenti per punteggio

I tuoi punteggi nel tempo

Non hai fatto questo quiz